00365nam a22001217a 450000500170000002000320001703500120004903700130006110000150007424500910008926000440018030000190022420120618110627.0 a8172201516cRs.400.00 (hbk) aB-79983 aDPLbENG aBhure, Lal aMoney laundering :bAn insight into the dark world of financial frauds /cby Bhure Lal aNew DelhibSiddharth Publicationsc2003 a262p.c20 cms.